000 02116ntaaa2200505 4500
003 01
005 20251027203251.0
008 0714s1973 ag 01
020 _a9505771045
040 _aAR-BaBN
_bspa
_cAR-BaBN
_eaacr
_dRIC
082 _a261.85 Z1
100 _aZanotti, Gabriel J.
245 _aEconomía de Mercado y Doctrina Social de la Iglesia /
_cGabriel J. Zanotti
260 _aBuernos Aires :
_bEditorial de Belgrano,
_c1985
300 _a120 p.
585 _aLA PRIMACIA DEL BIEN COMUN
585 _a1. Qué es el bien común.
585 _a2. El bien común.
585 _a3. Bien común y derechos de la persona. De la primacía del bien común contra el antipersonalismo.
585 _a4. Bien común y ley humana positiva.
585 _aEL PRINCIPIO DE SUBSIDIARIEDAD
585 _a1. Planteo del problema.
585 _a2. El principio en cuanto tal.
585 _a3. La delimitación de las competencias específica.
585 _a4. El principio de subsidiariedad y el respeto a la dignidad de la persona humana.
585 _aLA FUNCION SOCIAL DE LA PROPIEDAD
585 _a1. Planteo del problema.
585 _a2. El principio en sí mismo. Su fundamento.
585 _a3. La libre iniciativa privada y el bien cumún.
585 _a4. Justicia, Caridad y Propiedad.
585 _a5. Propiedad y demás derechos personales.
585 _aLAS JUSTICIAS EN LAS RETRIBUCIONES LABORALES
585 _a1. Planteo del problema.
585 _a2. Doctrina marxista y doctrina católica.
585 _a3. El salario justo.
585 _aAnexo 1: La "Laborem Exercens".
585 _aAnexo 2: Las relaciones internacionales y la "Populorum Progressio".
585 _aAnexo 3: Los "derechos sociales".
585 _aAnexo 4: El problema de la Revolución Industrial.
585 _aAnexo 5: La economía de mercado y la concentración de capitales.
585 _aApéndice: Versión latina oficial de las citas de los documentos del Magisterio utilizados.
650 _aCATOLICISMO
_9316
650 _aDOCTRINA SOCIAL DE LA IGLESIA
_933043
942 _cBK
999 _c28130
_d28130